El currículum: una reflexión sobre la práctica /

Guardado en:
Autor Principal: Giméno Sacristán, José
Formato: Libro
Publicado: España : Morata, 1989
Edición:2
Series:Pedagog¡a Manuales
Materias:
Etiquetas: Agregar Etiqueta
Sin Etiquetas, Sea el primero en etiquetar este registro!
LEADER 00598nam a22002055a 4500
001 CEM.cems002901
005 19000101000000.0
008 130507s1989##################000#0#####d
003 CEMS
082 0 4 |a 379.15 
100 1 |a Giméno Sacristán, José 
245 1 0 |a El currículum: una reflexión sobre la práctica /  |c José Giméno Sacristán 
250 |a 2 
260 |a España :  |b Morata,  |c 1989 
300 |a 421 p. 
490 0 |a Pedagog¡a Manuales 
653 |a Curriculum 
653 |a Curriculum-evaluacion 
653 |a Educacion 
859 |a CEMS  |b BIB. CEMS - 11 de abril  |h 379.15  |i G429a2  |p 16254.91  |t Ej.1